00361pab a2200121 454500008004000000100001700040245007100057260000900128300001300137362001200150650003300162773004400195180718b1971 xxu||||| |||| 00| 0 eng d aBhatia, L.M. aCentral vigilance commission: Its role in administrative vigilance c1971 ap.65-75. aJan-Mar aCentral Vigilance Commission aIndian Journal of Public Administration